Geografie-Kette #7 - Statistiken

Allgemein
  • Dieses Quiz wurde 1.231 mal gespielt
  • Das Durchschnittsergebnis liegt bei 12 aus 20
Antwortstatistiken
Hint Antwort % Korrekt
Flächengrößtes deutsches Bundesland Bayern
100%
Hauptstadt von ^ München
100%
Land, in dem ^ liegt Liechtenstein
68%
Kontinent, auf dem ^ liegt Asien
66%
Hauptstadt, die ^ am nächsten liegt Vaduz
63%
Anzahl der ans ^ angrenzenden Länder, die auf -tan enden 2
60%
Meer, an dem ^ liegt Ostsee
59%
Alphabetisch nächstes Land nach ^ Litauen
56%
^ besteht aus der Dominikanischen Republik und ... Haiti
55%
Land, das die Himmelsrichtung von ^ enthält Osttimor
55%
Ozean, der an ^ grenzt Pazifik
55%
Im ^ gibt es ca. 25.000 ... Inseln
54%
Land, das mit dem selben Buchstaben beginnt wie ^ Honduras
51%
^ gehört politisch zu ... Dänemark
50%
Nachbarland von ^ Deutschland
50%
Größte ^ der Welt Grönland
50%
Einwohnerreichstes Bundesland von ^ Nordrhein-Westfalen
48%
Größte Stadt in ^ Köln
47%
Flächengrößter See von ^ Kaspisches Meer
36%
^-größte Insel in der Karibik Hispaniola
31%
Keine übereinstimmenden Quizze gefunden
Verteilung der Resultate
Anzahl Personen mit jedem Resultat
Perzentil nach korrekt beantworteten Fragen
Ihre Resultats-Entwicklung
Sie haben dieses Quiz noch nicht gespielt